000 00837nam0a22002651 4500
001 rc\3992738
005 20260406073846.0
035 _a(NLR Aleph) 007939876
090 _a8272446
_c8272446
100 _a20130415d1955 |||y0rusy50 ca
101 0 _arus
_agol
102 _aRU
105 _ay z |||||
200 1 _aНа шхуне "Мэри Сайм"
210 _aХабаровск
_cХабар. кн. изд-во
_d1955
215 _a24 с.
_d22
300 _aТекст парал. на рус. и нанайск. яз.
300 _aТит. л. на нанайск. яз.
700 1 _8rus
_7ca
_aРытхэу
_bЮ. С.
_gЮрий Сергеевич
_f1930-2008
_3RU\NLR\AUTH\7732366
_915374
801 0 _aRU
_bNLR
_gpsbo
801 1 _aRU
_bELAR
_2rusmarc
852 _aNLR
_bОНЛ
942 _cBOOK
980 _aNB